000 00487nam a2200169Ia 4500
999 _c12043
_d12043
003 OSt
005 20260324121458.0
008 190216s9999||||xx |||||||||||||| ||und||
040 _coclc
082 _a891.73
_bGOR/F
100 1 _aGorky, Maksim,
_d1868-1936
_942
245 0 _aFoma Goreyev /
_cMaksim Gorky
260 _bForeign Languages Pub,
_c1968.
_aMoscow:
300 _a359p
650 _aEnglish Literature
942 _cBK
_2ddc
_h891.73
_iGOR/F
_k891.73
_mGOR/F